| 000 | 00502nam a2200181 a 4500 | ||
|---|---|---|---|
| 001 | 1777027203496 | ||
| 003 | YourLibrary | ||
| 005 | 20260424161208.0 | ||
| 008 | 260424s2009##################000#0#eng## | ||
| 020 | _a9780781783644 | ||
| 082 | 0 | 4 | _a344.730411EIC |
| 100 | 1 |
_aEickhoff-Shemek, JoAnn M., _eauthor. |
|
| 245 | 1 | 0 | _aRisk Management for Health/fitness Professionals : |
| 260 |
_bLWW, _c2009. |
||
| 650 | 0 | _aExercise personnel. | |
| 942 | _cENGLISH | ||
| 040 |
_aYourLibrary _beng _cYourLibrary |
||
| 999 |
_c619855 _d619855 |
||